000 00342nam a2200145Ia 4500
008 150201s2009 xx 000 0 und d
082 _a616.8
_bP09A
100 _aAHUJA,NIRAJ
245 2 _aA SHORT TB OF PSYCHAITRY
250 _a6TH
260 _bJAYPEE BROTHERS
_aDELHI
_c2009
300 _a1-278
650 _aPSYCHIATRY
942 _2ddc
_cBK
_02
999 _c514
_d514